| 000 | 00486nam a2200181 a 4500 | ||
|---|---|---|---|
| 001 | 2005 | ||
| 005 | 20140414131910.0 | ||
| 008 | 050212s19uu xx 00 eng d | ||
| 020 | _a0-7214-1694-2 | ||
| 050 |
_aER _bB48 1994 |
||
| 245 |
_aBig pancake (The) / _cillustrated by Tony Kenyon. |
||
| 260 |
_aLeicesterashire, U.K : _bLadybird Bookd, _c1994. |
||
| 300 | _ap. : ill. ; cm. | ||
| 440 | _aFavourite tales | ||
| 650 |
_aPancakes _xFiction |
||
| 999 |
_c111150 _d111150 |
||